Improving the efficiency of natural gas separation with the use of modeling systems; Химия и химическая технология в XXI веке; Т. 2

Մատենագիտական մանրամասներ
Parent link:Химия и химическая технология в XXI веке: материалы XII Всероссийской научно-практической конференции студентов и молодых ученых с международным участием, Томск, 11-13 мая 2011 г./ Национальный исследовательский Томский политехнический университет (ТПУ), Институт природных ресурсов (ИПР).— , 2011
Т. 2.— 2011.— [С. 241-243]
Հիմնական հեղինակ: Khlebnikova E. S. Elena Sergeevna
Այլ հեղինակներ: Usheva N. V. (научный руководитель)
Ամփոփում:Заглавие с титульного листа
Электронная версия печатной публикации
Լեզու:անգլերեն
Հրապարակվել է: 2011
Շարք:Секция 7. Химия и химическая технология
Խորագրեր:
Առցանց հասանելիություն:http://www.lib.tpu.ru/fulltext/v/Conferences/2011/C6/C6a123.pdf
Ձևաչափ: Էլեկտրոնային Գրքի գլուխ
KOHA link:https://koha.lib.tpu.ru/cgi-bin/koha/opac-detail.pl?biblionumber=216669

MARC

LEADER 00000naa2a2200000 4500
001 216669
005 20260122155316.0
035 |a (RuTPU)RU\TPU\book\236641 
035 |a RU\TPU\book\236634 
090 |a 216669 
100 |a 20120528d2011 k y0rusy50 ca 
101 0 |a eng 
102 |a RU 
135 |a drnn ---uucaa 
200 1 |a Improving the efficiency of natural gas separation with the use of modeling systems  |f E. S. Khlebnikova  |g research supervisor N. V. Usheva 
203 |a Text  |c electronic 
215 |a 1 файл (643 Кб) 
225 1 |a Секция 7. Химия и химическая технология 
300 |a Заглавие с титульного листа 
300 |a Электронная версия печатной публикации 
320 |a [References: p. 243 (3 tit.)] 
337 |a Adobe Reader 
461 1 |0 (RuTPU)RU\TPU\book\218704  |t Химия и химическая технология в XXI веке  |o материалы XII Всероссийской научно-практической конференции студентов и молодых ученых с международным участием, Томск, 11-13 мая 2011 г.  |o в 2 т.  |f Национальный исследовательский Томский политехнический университет (ТПУ), Институт природных ресурсов (ИПР)  |d 2011 
463 1 |0 (RuTPU)RU\TPU\book\218881  |t Т. 2  |v [С. 241-243]  |d 2011 
610 1 |a природный газ 
610 1 |a разделение 
610 1 |a эффективность 
610 1 |a системы 
610 1 |a моделирование 
610 1 |a использование 
610 1 |a труды учёных ТПУ 
610 1 |a электронный ресурс 
700 1 |a Khlebnikova  |b E. S.  |c Chemical Engineer  |c assistant of Tomsk Polytechnic University  |f 1990-  |g Elena Sergeevna  |3 (RuTPU)RU\TPU\pers\35846 
702 1 |a Usheva  |b N. V.  |4 727 
801 1 |a RU  |b 63413507  |c 20120118 
801 2 |a RU  |b 63413507  |c 20160615  |g RCR 
856 4 |u http://www.lib.tpu.ru/fulltext/v/Conferences/2011/C6/C6a123.pdf 
942 |c CF